000 02007nam a2200253Ia 4500
999 _c51915
_d51915
001 18915
003 GE_BSU
005 20210426134631.0
008 181216s2013||||ge |||||||||||||| ||geo||
040 _cGE_BSU
041 _ageo
080 _a63 გ-12
100 _aგორგილაძე, ლამზირი
_911606
245 _aხორბლის სილაქავების გამომწვევთა პოპულაციების სახეობრივი და შიდასახეობრივი სტრუქტურა საქართველოში და სელექციისათვის საწყისი მასალის შერჩევა /
_cლამზირი გორგილაძე; სამეცნიერო ხელმძღვანელი გ. მეფარიშვილი, ო.შაინიძე; ბათუმის შოთა რუსთაველის სახ-ფო უნ-ტი.
264 _aბათუმი,
_c2013.
300 _a166 გვ. ;
_b30 სმ.
653 _aდისერტაცია
653 _aსოფლის მეურნეობა
653 _aხორბლის სილაქავების გამომწვევთა პოპულაციების სახეობრივი და შიდასახეობრივი სტრუქტურა საქართველოში და სელექციისათვის საწყისი მასალის შერჩევა
700 _aმეფარიშვილი, გ.
_eსამეცნიერო ხელმძღვანელი
_911607
700 _aშაინიძე, ო.
_eსამეცნიერო ხელმძღვანელი
_911608
710 _aბათუმის შოთა რუსთაველის სახ-ფო უნ-ტი
_911609
942 _cBK
_2udc